000 00389nam a2200157Ia 4500
008 230524s9999 xx 000 0 und d
082 _a330
_bBUT
100 _aJohn M.Butler
_923453
245 0 _aForensic DNA Typing
250 _a4TH
260 _aNEW DELHI
_bElsevier Academic Press
_c2005
300 _aXIV;656
500 _aQuantity Number: 1
650 _aBiomedical
942 _cBK
999 _c35029
_d35029